Považská Bystrica a okolie z neba

Bibliographic Details
Main Authors: Krchnavá, Ivana, 1989- (Author, Photographer), Holub, Vladimír (Author), Krajňák, Matúš, 1983- (Author, Photographer)
Other Authors: Cíger, Peter (Photographer), Paprčka, Milan, 1979- (Photographer), Nádašiová, Simona, 1987- (Photographer), Glovňa, Kamil, 1975- (Photographer), Bosnyák, Marcel, 1992- (Photographer), Chovan, Jakub, 1989- (Photographer), Muránsky, Jakub, 1990- (Photographer), Jankovič, Juraj, 1994- (Photographer)
Format: Book
Language:Slovak
English
PhysicalDescription:125 strán farebné fotografie 18 x 25 cm
Published: Banská Bystrica CBS 2021
ISBN:9788081442858
Edition:1. vydanie
Subjects:

MARC

LEADER 00000cam a2200000 4500
001 vtls012063645
003 SK-MaSNL
005 20260302051554.0
008 240210s2021 xo o gr 000 0 slo
015 |a SNBA2021/08 
020 |a 9788081442858  |q (viazané) 
040 |a SNK  |b slo  |c SNK  |e rda 
041 0 |a slo  |a eng 
043 |a e-xo--- 
044 |a xo  |c SK 
072 7 |a 913  |x Regionálna geografia  |2 konspekt 
080 |a 913  |2 2011 
080 |a 778.35  |2 2011 
080 |a (437.641)  |2 2011 
080 |a (084.12)  |2 2011 
100 1 |a Krchnavá, Ivana,  |d 1989-  |4 aut  |4 pht  |9 209044 
245 1 0 |a Považská Bystrica a okolie z neba  |c Ivana Krchnavá, Matúš Krajňák 
246 3 1 |a Považská Bystrica and its surroundings from heaven 
250 |a 1. vydanie 
264 1 |a Banská Bystrica  |b CBS  |c 2021 
300 |a 125 strán  |b farebné fotografie  |c 18 x 25 cm 
336 |a text  |b txt  |2 rdacontent 
336 |a statický obraz  |b sti  |2 rdacontent 
337 |a bez média  |b n  |2 rdamedia 
338 |a zväzok  |b nc  |2 rdacarrier 
366 |e 2100 kusov 
500 |a Obsahuje stručné biografické údaje o autoroch 
546 |a Súbežný názov a text v angličtine 
650 0 7 |a regionálna geografia  |2 SNKPH  |9 822 
650 0 7 |a letecká fotografia  |2 SNKPH  |9 51512 
650 0 7 |a Regional geography  |2 SNKPHeng  |9 267552 
650 0 7 |a Aerial photography  |2 SNKPHeng  |9 310941 
651 7 |a Považská Bystrica (Slovensko)  |2 SNKPHgeo  |9 28796 
651 7 |a Považská Bystrica (Slovensko : okres)  |2 SNKPHgeo  |9 51831 
651 7 |a Považská Bystrica (Slovakia)  |2 SNKPHeng  |9 319698 
651 7 |a Považská Bystrica (Slovakia : district)  |2 SNKPHeng  |9 267503 
655 7 |a fotografické publikácie  |2 SNKPH  |9 70483 
655 7 |a Photographic publication  |2 SNKPHeng  |9 266858 
700 1 |a Holub, Vladimír  |4 aut  |9 365330 
700 1 |a Cíger, Peter  |4 pht  |9 55244 
700 1 |a Paprčka, Milan,  |d 1979-  |4 pht  |9 52208 
700 1 |a Nádašiová, Simona,  |d 1987-  |4 pht  |9 52209 
700 1 |a Glovňa, Kamil,  |d 1975-  |4 pht  |9 209650 
700 1 |a Bosnyák, Marcel,  |d 1992-  |4 pht  |9 220457 
700 1 |a Chovan, Jakub,  |d 1989-  |4 pht  |9 187525 
700 1 |a Muránsky, Jakub,  |d 1990-  |4 pht  |9 364341 
700 1 |a Jankovič, Juraj,  |d 1994-  |4 pht  |9 234044 
700 1 |a Krajňák, Matúš,  |d 1983-  |4 aut  |4 pht  |9 165931 
919 |a 978-80-8144-285-8 
999 |c 1101713  |d 1103643 
952 |a SNK  |b SNK  |y PREZ  |7 0  |p 17A1456138  |o snkSD 89941  |i snk2021/9399  |8 0  |0 0  |1 0  |4 0  |d 2021-07-28  |f 1  |l 0  |r 2026-02-24 17:33:21  |w 2026-02-24 
952 |a SNK  |b SNK  |y VYP  |7 0  |p 17A1456139  |o snkSD 89941 D1  |i snk2021/9401  |8 0  |0 0  |1 0  |4 0  |d 2021-07-28  |l 0  |r 2026-02-24 17:33:21  |w 2026-02-24